The curse : a cultural history of menstruation /

Bibliographic Details
Main Author: Delaney, Janice
Other Authors: Lupton, Mary Jane, Toth, Emily
Format: Book
Language:English
Published: Urbana : University of Illinois Press, 1988.
Edition:Rev. ed., 1st Univ. of Ill. Press ed.
Subjects:

MARC

Tag First Indicator Second Indicator Subfields
LEADER 00000cam a2200000 a 4500
001 in00000025783
005 20151007054455.0
008 870306s1988 ilu b 00110 eng
010 |a  87005943  
020 |a 0252012402 (alk. paper) 
020 |a 0252014529 (pbk. alk. paper) 
035 |a (OCoLC)15367167 
035 |9 AAB5165AM 
040 |a DLC  |c DLC  |d TXA  |d UtOrBLW 
049 |a TXAM  |c [A11503733] 
050 0 0 |a QP263  |b .D45 1988 
082 0 |a 306/.4  |2 19 
100 1 |a Delaney, Janice. 
245 1 4 |a The curse :  |b a cultural history of menstruation /  |c Janice Delancy, Mary Jane Lupton, Emily Toth ; with new afterwords by Mary Jane Lupton and Janice Delaney. 
250 |a Rev. ed., 1st Univ. of Ill. Press ed. 
264 1 |a Urbana :  |b University of Illinois Press,  |c 1988. 
300 |a xv, 334 pages ;  |c 24 cm. 
336 |a text  |b txt  |2 rdacontent 
337 |a unmediated  |b n  |2 rdamedia 
338 |a volume  |b nc  |2 rdacarrier 
504 |a Bibliography: pages [283]-315. 
500 |a Includes index. 
650 0 |a Menstruation  |x Public opinion. 
650 0 |a Menstruation  |x Miscellanea. 
700 1 |a Lupton, Mary Jane. 
700 1 |a Toth, Emily. 
999 |a MARS 
999 f f |s d3f5853a-3506-3121-804f-e6dc420f9d95  |i a16aaf9d-a24f-345a-aeb8-edd5cbaa4d60  |t 0 
952 f f |p normal  |a Texas A&M University  |b College Station  |c Sterling C. Evans Library  |d Evans: Library Stacks  |t 0  |e QP263 .D45 1988  |h Library of Congress classification  |i unmediated -- volume  |m A14811503733 
998 f f |a QP263 .D45 1988  |t 0  |l Evans: Library Stacks